Tom, Irene y los animales domésticos / (Registro nro. 9252)

Detalles MARC
000 -LIDER
fixed length control field 00800nam a22003137a 4500
001 - NÚMERO DE CONTROL
Identificador de número de control 0174
003 - IDENTIFICACDOR DE NÚMERO DE CONTROL
control field DO-SdBNP
005 - DATE AND TIME OF LATEST TRANSACTION
control field 20180510142840.0
007 - CAMPOS FIJOS DE DESCRIPCIÓN FÍSICA
fixed length control field 0174
008 - ELEMENTOS DE LONGITUD FIJA
fixed length control field 151005b 200 1975 sp 00| 0 spa d
020 ## - ISBN
International Standard Book Number 8426157505
020 ## - ISBN
International Standard Book Number 8477224056
040 ## - FUENTE DE CATALOGACIÓN
Agencia que crea de manera original el registro BPMSU
Idioma de catalogación spa
Agencia que realiza la transcripción BPMSU
092 ## - LOCALLY ASSIGNED DEWEY DECIMAL CALL NUMBER
Número de clasificación XXXX
Número de ítem (Cutter) XXXX
100 1# - ASIENTO PRINCIPAL -- NOMBRE PERSONAL
Nombre personal Grée, Alain
245 10 - MENCIÓN DE TITULO
Título Tom, Irene y los animales domésticos /
Mención de responsabilidad Alain Grée ; ilustraciones de Gerard Grée
260 ## - PUBLICACIÓN, DISTRIBUCIÓN, ETC. (PIE DE IMPRENTA)
Lugar de publicación, distribución, etc Barcelona :
Nombre del editor, distribuidor, etc. Juventud,
Fecha de publicación, distribución, etc 1975.
300 ## - DESCRIPCIÓN FÍSICA
Extensión 19 p :
Otros detalles físicos il.
Dimensiones 26cm.
490 1# - MENCIÓN DE SERIES
Mención de serie Panorama
490 1# - MENCIÓN DE SERIES
Mención de serie Tom e Irene
500 ## - NOTA GENERAL
Nota general Libro de pasta dura
700 12 - ASIENTO SECUNDARIO -- NOMBRE PERSONAL
Nombre personal Grée, Gerard
Mención de responsabilidad il.
830 #0 - ASIENTO SECUNDARIO DE SERIE--TÍTULO UNIFORME
Título uniforme Panorama
830 #0 - ASIENTO SECUNDARIO DE SERIE--TÍTULO UNIFORME
Título uniforme Tom e Irene
910 ## - VALIDACIÓN
Validación 144
942 ## - ADDED ENTRY ELEMENTS (KOHA)
Source of classification or shelving scheme Dewey Decimal Classification
Koha item type Libros
945 ## - INFORMACIÓN DE PROCESAMIENTO LOCAL
Información de procesamiento local Inventariado, 2017/YL
956 ## - LOCAL ELECTRONIC LOCATION AND ACCESS (OCLC)
Nombre de host Yngrid Lockward
Existencias
Withdrawn status Lost status Source of classification or shelving scheme Damaged status Not for loan Collection code Home library Current library Date acquired Source of acquisition Total Checkouts Barcode Date last seen Price effective from Koha item type
    Dewey Decimal Classification     Colección Infantil General Biblioteca Pública Metropolitana Salomé Ureña Biblioteca Pública Metropolitana Salomé Ureña 03/16/2016 Donación   BPMSU16030127 03/16/2016 03/16/2016 Libros